000
00299nam a2200133Ia 4500
008
191201s2009 xx 000 0 und d
082
_a
658.3
_b
JYH
100
_a
JYOTHI,P
245
0
_a
Human Resource Management
260
_a
N. Delhi
_b
Oxford
_c
2009
300
_a
565
650
_a
BBA
942
_2
ddc
_c
BK
999
_c
51
_d
51